| 000 | 00390nam a2200145Ia 4500 | ||
|---|---|---|---|
| 008 | 100122s9999 xx 000 0 und d | ||
| 082 |
_b27115 _a616.8917 |
||
| 100 | _aFRUED SIGMUND | ||
| 245 | _aAN OUTLINE OF PSYCHO-ANALYSIS | ||
| 260 |
_bTHE HOGARTH PRESS _c1949 |
||
| 300 | _a84 | ||
| 630 | _aAN OUTLINE OF PSYCHO-ANALYSIS | ||
| 730 | _aAN OUTLINE OF PSYCHO-ANALYSIS | ||
| 942 | _cBOOK | ||
| 999 |
_c368454 _d368451 |
||